<?xml version="1.0" encoding="UTF-8"?><?xml-stylesheet type="text/xsl" href="static/style.xsl"?><OAI-PMH xmlns="http://www.openarchives.org/OAI/2.0/" xmlns:xsi="http://www.w3.org/2001/XMLSchema-instance" xsi:schemaLocation="http://www.openarchives.org/OAI/2.0/ http://www.openarchives.org/OAI/2.0/OAI-PMH.xsd"><responseDate>2026-04-17T15:07:37Z</responseDate><request verb="GetRecord" identifier="oai:riubu.ubu.es:10259/4602" metadataPrefix="marc">https://riubu.ubu.es/oai/request</request><GetRecord><record><header><identifier>oai:riubu.ubu.es:10259/4602</identifier><datestamp>2024-07-16T11:36:26Z</datestamp><setSpec>com_10259_9397</setSpec><setSpec>com_10259_5087</setSpec><setSpec>com_10259_2728</setSpec><setSpec>col_10259_9398</setSpec></header><metadata><record xmlns="http://www.loc.gov/MARC21/slim" xmlns:doc="http://www.lyncode.com/xoai" xmlns:xsi="http://www.w3.org/2001/XMLSchema-instance" xmlns:dcterms="http://purl.org/dc/terms/" xsi:schemaLocation="http://www.loc.gov/MARC21/slim http://www.loc.gov/standards/marcxml/schema/MARC21slim.xsd">
<leader>00925njm 22002777a 4500</leader>
<datafield tag="042" ind1=" " ind2=" ">
<subfield code="a">dc</subfield>
</datafield>
<datafield tag="720" ind1=" " ind2=" ">
<subfield code="a">Revilla Velasco, Clara</subfield>
<subfield code="e">author</subfield>
</datafield>
<datafield tag="520" ind1=" " ind2=" ">
<subfield code="a">La eritrosina (E 127) es un colorante sintético cuyo uso como aditivo alimentario está limitado a cerezas de cóctel, estableciéndose un límite máximo de 200 mg/kg. En este trabajo, la determinación de E 127 en cerezas de cóctel se lleva a cabo por espectrofotometría de absorción molecular UV-visible. Se estudia la extracción sólido-líquido del colorante utilizando diferentes mezclas de etanol-agua mediante un análisis de la varianza (ANOVA).&#xd;
En cerezas que únicamente presentan el colorante E 127, su determinación se lleva a cabo mediante calibración en disolvente y por adición estándar. Sin embargo, si además contienen otros colorantes como el E 120, se aplica calibración multivariante para determinar la concentración de todos los colorantes presentes. Además, se estudia la influencia del pH sobre el espectro de absorción de los colorantes mencionados anteriormente. Y se validan los métodos de análisis desarrollados a través de su veracidad, efecto matriz, límite de decisión y capacidad de detección.</subfield>
</datafield>
<datafield tag="520" ind1=" " ind2=" ">
<subfield code="a">Erythrosine (E 127) is a synthetic colour exclusively authorized for use as food additive in cocktail cherries, which is subjected to a limit of 200 mg/kg. In this work, the determination of E 127 in cocktail cherries is performed through UV-Visible molecular absorption spectrophotometry. The extraction of the colour by means of solid-liquid extraction with different water-ethanol mixtures is studied by means of an analysis of variance (ANOVA). A univariate approach is performed for determining E 127 in the absence of other colours; both the usual calibration and the standard addition methods are used. In addition, a multivariate approach is applied to determine E 127 in cocktail cherries that also contain carminic acid (E 120). Also, the dependence of spectrum of the colours with pH is studied. The methods of analysis developed are validated; accuracy, matrix effect, decision limit and capability of detection are established.</subfield>
</datafield>
<datafield tag="024" ind2=" " ind1="8">
<subfield code="a">http://hdl.handle.net/10259/4602</subfield>
</datafield>
<datafield ind1=" " ind2=" " tag="653">
<subfield code="a">Eritrosina</subfield>
</datafield>
<datafield ind1=" " ind2=" " tag="653">
<subfield code="a">Ácido carmínico</subfield>
</datafield>
<datafield ind1=" " ind2=" " tag="653">
<subfield code="a">Cerezas de cóctel</subfield>
</datafield>
<datafield ind1=" " ind2=" " tag="653">
<subfield code="a">Espectrofotometría de absorción molecular UV-visible</subfield>
</datafield>
<datafield ind1=" " ind2=" " tag="653">
<subfield code="a">Análisis multivariante</subfield>
</datafield>
<datafield ind1=" " ind2=" " tag="653">
<subfield code="a">Erythrosine</subfield>
</datafield>
<datafield ind1=" " ind2=" " tag="653">
<subfield code="a">Carminic acid</subfield>
</datafield>
<datafield ind1=" " ind2=" " tag="653">
<subfield code="a">Cocktail cherries</subfield>
</datafield>
<datafield ind1=" " ind2=" " tag="653">
<subfield code="a">UV-Visible molecular absorption spectrophotometry</subfield>
</datafield>
<datafield ind1=" " ind2=" " tag="653">
<subfield code="a">Multivariate analysis</subfield>
</datafield>
<datafield tag="245" ind1="0" ind2="0">
<subfield code="a">Determinación de eritrosina en cerezas de cóctel por espectrometría de absorción molecular mediante calibración univariante y multivariante</subfield>
</datafield>
</record></metadata></record></GetRecord></OAI-PMH>